Nebraska Football - Statistics

General Stats
  • This quiz has been taken 499 times
  • The average score is 10 of 15
Answer Stats
Hint Answer % Correct
What year is the last year Nebraska won a national championship? 1997
91%
Who is the current Husker coach? Scott Frost
85%
2001 Heisman winner Eric Crouch
81%
What year was the last time Nebraska hoisted a conference championship trophy? 1999
80%
Who has the most overall wins as the Nebraska Head Coach? Tom Osborne
79%
2009 Heisman candidate Suh
75%
What team did nebraska lose to 62-3 in 2016? Ohio State
73%
1972 heisman winner Johnny Rodgers
72%
What team was Nebraska´s rival in the 90´s Miami
67%
This dominant QB at nebraska never rushed for more than 1000 yards Tommie Frazier
66%
Who lead the Cornhuskers from 2014-2017 with a overall record of 19-19? Mike Riley
59%
What school did Scott Frost go to before transferring to Nebraska? Stanford
57%
What is Memorial Stadium´s nickname? Sea of Red
40%
What team snapped Nebraska´s 29 game home opener streak? BYU
34%
What is Nebraska longest streak? consecutive sellouts
10%
No matching quizzes found
Score Distribution
Percent of People with Each Score
Percentile by Number Answered
Your Score History
You have not taken this quiz